000 00503nam a22001817a 4500
005 20251108164959.0
008 250721s1983 xx 000 0 ara d
082 1 4 _a214.1/عبد
100 1 _aنوفل، عبد الرزاق
245 1 0 _aصنع الله /
264 1 _aالقاهره :
_bمؤسسة دار الشعب،
_c1983.
300 _a142ص
650 1 7 _aالإسلام
650 1 7 _aأصول الدين الإسلامي
650 1 7 _aالتوحيد
942 _2ddc
_cBK
999 _c18965
_d18965